MDQL
is popping MORE tags! Check the
thread
!
Quizzes
Events
Quiz Creation
Community
Videos
Private Events
Remove Ads
Sign In
Join for FREE
Feedback
Dark Mode
Quiz Categories
Sports
Geography
Music
Movies
Television
Just For Fun
Miscellaneous
History
Literature
Language
Science
Gaming
Entertainment
Religion
Holiday
For Kids
Quiz Lab
Recent
Popular Today
Quiz Kudos Today
Editor Picks
Curator Picks
Quizzes by...
Day
Popularity
Type
Ratings
Length
Year
Community
Subscriptions
Recent Discussions
Orange Saloon
Badges
Playlists
Quests
Create
Leaderboards
Showdown
Live 5
Trivia Bingo
Activity
Puzzle Library
Sporcle Events
Private Events
Virtual Trivia
Globe League
Become a Host
Pub Owners
SporcleCon
Opinionation
Our Games
Videos
Blog
Mobile Apps
Partnerships
Remove Ads and Go Orange
Feedback
Entertainment
Celebrity
Famous
Musical
Broadway
Show
Quote
Comic Books
Anime
Superhero
DC Comics
Marvel
Cartoons
Animation
Entertainment
Celebrity
Famous
Musical
Broadway
Show
Quote
Comic Books
Anime
Superhero
DC Comics
Marvel
Cartoons
Animation
Random Quiz
Search Sporcle
×
Quiz Lab
Quiz Lab
Entertainment
Clickable
Select answers by clicking on text or image buttons
Select answers by clicking on text or image buttons
Clickable
Best Score? Go Orange.
Guess the Hamilton Character Stats
Can you guess the Hamilton character from their song description??
By
yorktown
7m
47 Questions
3,292 Plays
3,292 Plays
3,292 Plays
Comments
Comments
Give Quiz Kudos
Give Quiz Kudos
-
- Ratings
hide this ad
Forced Order
Answers have to be entered in order
Answers have to be entered in order
Replay
Link that replays current quiz
Next Quiz
Link to next quiz in quiz playlist
You Got
0%
They Got
Avg Score
72%
Avg Friend Score
Upgrade to see
Score Distribution
Jump to the score distribution portion of the page
Score
0/47
Timer
07:00
0
Plays Today
% Correct
Alexander Hamilton
88.4%
Alexander Hamilton
87.5%
Alexander Hamilton
86%
Alexander Hamilton
84%
Eliza Schuyler
83.8%
Eliza Schuyler
82.8%
Angelica Schuyler
82.4%
Angelica Schuyler
81.9%
Angelica Schuyler
81.7%
Marquis de Lafayette
81.3%
Charles Lee
81.1%
Theodosia Burr
80.6%
Alexander Hamilton
80.6%
Eliza Schuyler
80.4%
Alexander Hamilton
80.1%
Hercules Mulligan
80%
Marquis de Lafayette
79.5%
Aaron Burr
79.4%
Aaron Burr
77.7%
Aaron Burr
77.6%
John Laurens
77%
Aaron Burr
76.8%
Alexander Hamilton
75.6%
Aaron Burr
75.3%
% Correct
Angelica Schuyler
74%
Alexander Hamilton
73.6%
Alexander Hamilton
72.7%
Maria Reynolds
71.1%
Thomas Jefferson
70.4%
Philip Hamilton
69.7%
Maria Reynolds
69.4%
Philip Hamilton
69.1%
Aaron Burr
67.7%
John Laurens
67.5%
Philip Schuyler
67.4%
Maria Reynolds
66.8%
James Madison
64.8%
Peggy Schuyler
64.2%
Thomas Jefferson
63.4%
Philip Schuyler
61.6%
George Washington
56.7%
James Reynolds
56.7%
James Reynolds
55.6%
Aaron Burr
54.4%
Alexander Hamilton
51.7%
Philip Schuyler
42.6%
John Adams
36.1%
Quiz Playlist
Details
Report
Send in Message
Add To Playlist
Clickable:
Select answers by clicking on text or image buttons
Forced Order:
Answers have to be entered in order
Last Updated: Sep 14, 2017
Quiz Scoreboard
CHALLENGE
Sign Up to Join the Scoreboard
Show All
Scores
Hide
Comments
May contain spoilers
Recently Published
1-10 Letter E Words III
by El_Dandy
Language
2m
Street Fighter Characters
by Artimus82
Gaming
60s
College Basketball Coaching Resumes
by pancakes188
Sports
9m
More to Explore
Quiz From the Vault
Featured Blog Post
Where Did the Easter Bunny Come From?
hide this ad
You Might Also Like...
Tags
Clickable Quiz
Song Quiz
Character
description
Hamilton
Today's Top Quizzes in Entertainment
Browse Entertainment
hide this ad
Today's Top Quizzes in Clickable
Browse Clickable
Top Contributed Quizzes in Entertainment
1
7-to-1: DC Comics Villains
2
Marvel Characters Bunker
3
Dragon Ball Z: Goku's Fights in Order
4
Eurovision 2023 Logic Puzzle
5
Sorting Pictures: Villains
6
Criteria Quickie: Cartoon Taxonomy II
7
Mini Trivia Sudoku: Musicals
8
7-to-1: One Piece
9
Fictional Villains Letter U Blitz
10
Click the Cartoon Scott
Explore More
Trending Topics
Crossword
NBA
Anime
Disney
Harry Potter
Kpop
Marvel
NFL
Song
The Office
Soccer
WWE
Puzzle
Country
Pokémon
hide this ad
More By:
yorktown
Quiz
Plays
Rating
Category
Featured
Created
Guess the Hamilton Character
3,292
4.86
Entertainment
May 29, 2016
Guess the Hamilton Song
1,725
5.00
Entertainment
May 30, 2016
Go to Creator's Profile
Score Distribution
Quiz Creator Spotlight
yorktown
Follow
Send a Message
Quizzes Created
-
Created Quiz Play Count
-
More By This Creator
Popular Quizzes Today
1
Find the US States - No Outlines Minefield
2
Find the Countries of Europe - No Outlines Minefield
3
The Countries of the World
4
Find the US States
5
Risky Map Clicking: Biggest States A-Z
6
US States
7
Popular People in 1961
8
Movies - When Are They Set?
More Entertainment Quizzes
Wizarding World Thanksgiving
Editor's Pick
Trending Quizzes
Risky Map Clicking: Least Populous States A-Z
Billboard Blitz: Aretha Franklin
Famous Russians: Author or Composer?
1-10 Letter G Words
Countries of the World: 200 Million BC
Recently Updated
Leaping Animals
pecheneg
Reality TV Shows (A-Z)
bhenderson79
Rickey Henderson's Hall of Fame Teammates
pecheneg
Champions League XIs: Arsenal
pecheneg
Quick Pick: Celebrities in WWE's Hall of Fame
aduchscher
A-Z Keypad Blitz II
pecheneg
Multiple Oscar Actors
pecheneg
Mystery Phrase Blitz: Oscar 'Best Actors'
pecheneg
F. Scott Fitzgerald Novels
LTH
Pick 3 Villains
ddd62291
Trending Topics
Disney
Anime
Harry Potter
NBA
Marvel
Kpop
Crossword
Puzzle
Soccer
The Office
Pokémon
WWE
Song
Country
NFL
Your Account Isn't Verified!
In order to create a playlist on Sporcle, you need to verify the email address you used during registration. Go to your
Sporcle Settings
to finish the process.
Report this User
Report this user for behavior that violates our
Community Guidelines
.
Details:
Send Report
Go to the Sporcle.com Mobile Site →
Comments